Biodiversity and conservation / (Record no. 2427)
[ view plain ]
| 000 -LEADER | |
|---|---|
| fixed length control field | 00940nam a2200277Ii 4500 |
| 003 - CONTROL NUMBER IDENTIFIER | |
| control field | GSU |
| 005 - DATE AND TIME OF LATEST TRANSACTION | |
| control field | 20250207134731.0 |
| 008 - FIXED-LENGTH DATA ELEMENTS--GENERAL INFORMATION | |
| fixed length control field | 060306r2006 enkabo 001 0 eng d |
| 020 ## - INTERNATIONAL STANDARD BOOK NUMBER | |
| International Standard Book Number | 9780415343008 (paperback) |
| 040 ## - CATALOGING SOURCE | |
| Language of cataloging | eng |
| Transcribing agency | GSU |
| Modifying agency | GSU |
| Description conventions | rdacontent |
| 050 00 - LIBRARY OF CONGRESS CALL NUMBER | |
| Classification number | QH541.15 |
| Item number | JEF |
| 100 1# - MAIN ENTRY--PERSONAL NAME | |
| Personal name | Jeffries, Michael J. |
| Relator term | author |
| 245 10 - TITLE STATEMENT | |
| Title | Biodiversity and conservation / |
| Statement of responsibility, etc. | Michael J. Jeffries. |
| 250 ## - EDITION STATEMENT | |
| Edition statement | Second edition. |
| 260 ## - PUBLICATION, DISTRIBUTION, ETC. | |
| Place of publication, distribution, etc. | Abingdon : |
| Name of publisher, distributor, etc. | Routledge, |
| Date of publication, distribution, etc. | 2006 |
| 264 #1 - PRODUCTION, PUBLICATION, DISTRIBUTION, MANUFACTURE, AND COPYRIGHT NOTICE | |
| Date of production, publication, distribution, manufacture, or copyright notice | ©2006. |
| 300 ## - PHYSICAL DESCRIPTION | |
| Extent | 236 pages : |
| Other physical details | illustrations, maps ; |
| Dimensions | 25 cm. |
| 336 ## - CONTENT TYPE | |
| Content type term | text |
| Content type code | txt |
| Source | rdacontent. |
| 337 ## - MEDIA TYPE | |
| Media type term | unmediated |
| Media type code | n |
| Source | rdamedia. |
| 338 ## - CARRIER TYPE | |
| Carrier type term | volume |
| Carrier type code | nc |
| Source | rdacarrier. |
| 490 1# - SERIES STATEMENT | |
| Series statement | Routledge introductions to environment |
| 504 ## - BIBLIOGRAPHY, ETC. NOTE | |
| Bibliography, etc. note | Includes bibliographical references (pages 223-225) and index. |
| 650 #0 - SUBJECT ADDED ENTRY--TOPICAL TERM | |
| Topical term or geographic name entry element | Biodiversity. |
| 650 #0 - SUBJECT ADDED ENTRY--TOPICAL TERM | |
| Topical term or geographic name entry element | Biodiversity conservation. |
| 942 ## - ADDED ENTRY ELEMENTS (KOHA) | |
| Source of classification or shelving scheme | Library of Congress Classification |
| Koha item type | Books |
| Classification part | QH541.15 |
| Call number prefix | QH |
| Call number suffix | JEF |
| Suppress in OPAC | No |
| Edition | Second edition |
| Withdrawn status | Lost status | Source of classification or shelving scheme | Damaged status | Not for loan | Collection code | Home library | Current library | Shelving location | Date acquired | Source of acquisition | Inventory number | Total Checkouts | Full call number | Barcode | Date last seen | Copy number | Price effective from | Koha item type |
|---|---|---|---|---|---|---|---|---|---|---|---|---|---|---|---|---|---|---|
| Library of Congress Classification | General Collection | GSU Library Epoch | GSU Library Epoch | General Stacks | 05/11/2024 | Purchase | 05149 | QH 541.15JEF | 50000006369 | 04/12/2024 | 1 | 05/11/2024 | Books |
